The Nieman fellows report ; an account of an educational experiment in its tenth year.

Bibliographic Details
Main Author: Lyons, Louis Martin, 1897-1982
Format: Book
Language:English
Published: Cambridge : Harvard Univ. Press, 1948.
Subjects:

MARC

Tag First Indicator Second Indicator Subfields
LEADER 00000cam a2200000 4500
001 in00000053497
005 20151008050302.0
008 750703s1948 mau b 00000 eng u
010 |a  48008375  
035 |a (OCoLC)01428125 
035 |9 AAG0296AM 
040 |c JPL  |d TXA  |d UtOrBLW 
049 |a TXAM  |c [163678] 
050 0 0 |a PN4791  |b .H34 
082 0 |a 070.7 
092 |a 070.7  |b L991n 
100 1 |a Lyons, Louis Martin,  |d 1897-1982. 
245 1 4 |a The Nieman fellows report ;  |b an account of an educational experiment in its tenth year. 
264 1 |a Cambridge :  |b Harvard Univ. Press,  |c 1948. 
300 |a 135 pages ;  |c 22 cm. 
336 |a text  |b txt  |2 rdacontent 
337 |a unmediated  |b n  |2 rdamedia 
338 |a volume  |b nc  |2 rdacarrier 
500 |a "Books, awards, articles": pages 127-132. 
610 1 0 |a Harvard University.  |b Lucius W. Nieman Fellowships in Journalism. 
999 |a MARS 
999 f f |s eba754b2-bfb9-3c41-9b86-916694eed622  |i 94beb781-016b-3d1a-9e53-dab7df1aee58  |t 0 
952 f f |p ric  |a Texas A&M University  |b Rellis Campus  |c Joint Library Facility  |d Remote Storage  |t 0  |e PN4791 .H34  |h Library of Congress classification  |i unmediated -- volume  |m A14800501859 
998 f f |a PN4791 .H34  |t 0  |l Remote Storage